000 01021nab a2200265 u 4500
001 09339
003 HDC
007 cr bn ---aaaaa
008 210201c2010 my dr|nes 0 a eng d
040 _aHDC
245 0 _a5 SMEs to Ship RM600,000 Worth of Halal Food to Britain
260 _aKuala Lumpur :
_b Star Publications (M) Bhd.,
_c2010
336 _atext
_2rdacontent
337 _acomputer
_2rdamedia
338 _aonline resource
_2rdacarrier
650 _aBusiness profit
_919465
650 _ahalal food
_950
650 _aSmall business
_9208
650 _aSME suppliers
_zMalaysia
_99666
856 _zRequest full-text at [email protected]
856 _zRequest full-text at [email protected]
942 _2lcc
942 _cNEWS
942 _kNWSC 002454
999 _c6662
_d6662